000 00611nam a2200217Ia 4500
005 20250326144405.0
008 250326s9999 xx 000 0 und d
020 _a978-81-315-1033-9
037 _aTextbook
040 _aFMSL
_beng
_cFMSL
041 _aeng
_2eng
084 _aB P9
_qFMSL
100 _aGiordano Frank R
245 0 _aMathematical modeling : Principles and applications
_cGiordano Frank R And Others
260 _aNew Delhi
_bNew Delhi, Cengage Learning
_c2009
300 _a496p
365 _b499
650 _aMathematics
942 _cTB
_hB P9
999 _c1303539
_d1303539